Bugs for lunch / (Record no. 3101)

MARC details
000 -LEADER
fixed length control field 01177cam a2200361 a 4500
001 - CONTROL NUMBER
control field 3101
003 - CONTROL NUMBER IDENTIFIER
control field FISKH
005 - DATE AND TIME OF LATEST TRANSACTION
control field 20250822121648.0
008 - FIXED-LENGTH DATA ELEMENTS--GENERAL INFORMATION
fixed length control field 980206s1999 maua b 000 0 eng
010 ## - LIBRARY OF CONGRESS CONTROL NUMBER
LC control number 98004640
020 ## - INTERNATIONAL STANDARD BOOK NUMBER
International Standard Book Number 0881062715 (hc)
020 ## - INTERNATIONAL STANDARD BOOK NUMBER
International Standard Book Number 0881062723 (sc)
020 ## - INTERNATIONAL STANDARD BOOK NUMBER
International Standard Book Number 9780881062724
040 ## - CATALOGING SOURCE
Original cataloging agency DLC
Transcribing agency DLC
Modifying agency DLC
Language of cataloging eng
042 ## - AUTHENTICATION CODE
Authentication code lcac
050 00 - LIBRARY OF CONGRESS CALL NUMBER
Classification number QL756.5
Item number .F33 1999
082 00 - DEWEY DECIMAL CLASSIFICATION NUMBER
Classification number 591.5/3
Edition number 21
100 1# - MAIN ENTRY--PERSONAL NAME
Personal name Facklam, Margery.
245 10 - TITLE STATEMENT
Title Bugs for lunch /
Statement of responsibility, etc. Margery Facklam ; illustrated by Sylvia Long.
260 ## - PUBLICATION, DISTRIBUTION, ETC.
Place of publication, distribution, etc. Watertown :
Name of publisher, distributor, etc. Charles Bridge,
Date of publication, distribution, etc. 1999
300 ## - PHYSICAL DESCRIPTION
Extent 32 unnumbered pages :
Other physical details color illustrations ;
Dimensions 28 cm
505 ## - FORMATTED CONTENTS NOTE
Formatted contents note R<br/>
520 ## - SUMMARY, ETC.
Summary, etc. Rhyming text introduces bug-eating animals such as geckos, trout, or even people. Includes additional facts about each creature.
521 8# - TARGET AUDIENCE NOTE
Target audience note 700<br/>
Source Lexile <br/>
521 8# - TARGET AUDIENCE NOTE
Target audience note R<br/>
Source Raz-Plus <br/>
650 #0 - SUBJECT ADDED ENTRY--TOPICAL TERM
Topical term or geographic name entry element Animals
General subdivision Food
-- Juvenile literature.
650 #0 - SUBJECT ADDED ENTRY--TOPICAL TERM
Topical term or geographic name entry element Edible insects
General subdivision Juvenile literature.
650 #1 - SUBJECT ADDED ENTRY--TOPICAL TERM
Topical term or geographic name entry element Animals
General subdivision Food.
650 #1 - SUBJECT ADDED ENTRY--TOPICAL TERM
Topical term or geographic name entry element Edible insects.
700 1# - ADDED ENTRY--PERSONAL NAME
Personal name Long, Sylvia,
Relator term illustrator
906 ## - LOCAL DATA ELEMENT F, LDF (RLIN)
a 7
b cbc
c orignew
d 1
e ocip
f 19
g y-gencatlg
942 ## - ADDED ENTRY ELEMENTS (KOHA)
Source of classification or shelving scheme Dewey Decimal Classification
Koha item type Books
Suppress in OPAC No
Holdings
Withdrawn status Lost status Source of classification or shelving scheme Damaged status Not for loan Collection Home library Current library Shelving location Date acquired Total Checkouts Full call number Barcode Date last seen Price effective from Koha item type Copy number
    Dewey Decimal Classification     Non-Fiction Footprints International School Library Network Toul Kork Campus Footprints International School Library Network Toul Kork Campus TK Primary Library Room(4th Floor), Bookcase 5&6, Shelves 33-56, Orange Books 02/06/2024   FAC 591.53 QL756.F33 FISTK01761 02/06/2024 02/06/2024 Books  
    Dewey Decimal Classification     Non-Fiction Footprints International School Library Network Toul Tom Poung Campus Footprints International School Library Network Toul Tom Poung Campus TTP Primary Orange Bookshelves 08/22/2025   FAC 591.53 QL756.F33 FISTK01775 08/22/2025 08/22/2025 Books 2